LEADER 00691nam0-22002651i-450- 001 990004725880403321 005 19990530 035 $a000472588 035 $aFED01000472588 035 $a(Aleph)000472588FED01 035 $a000472588 100 $a19990530g19539999km-y0itay50------ba 101 0 $aita 105 $ay-------001yy 200 1 $aDaniela$eRoman$fLuise Rinser 210 $aFrankfurt am Main$cS.Fischer$d1953. 215 $a318 p.$d19 cm 700 1$aRinser,$bLuise$f<1911-2002> 801 0$aIT$bUNINA$gRICA$2UNIMARC 901 $aBK 912 $a990004725880403321 952 $aTX-RI-23$bFil.Mod. 6279$fFLFBC 959 $aFLFBC 996 $aDaniela$9182199 997 $aUNINA LEADER 01341nam--2200397---450- 001 990002792680203316 005 20100427162821.0 010 $a88-513-0168-9 035 $a000279268 035 $aUSA01000279268 035 $a(ALEPH)000279268USA01 035 $a000279268 100 $a20060727d2003----km-y0itay0103----ba 101 $aita 102 $aIT 105 $a||||||||001yy 200 1 $a<>evoluzione del controllo di gestione nelle realta pubbliche e non profit$eriflessioni ed esperienze$fa cura di Katia Giusepponi$gcontributi di F. Ancona [et al.] 210 $aNapoli$cSistemi Editoriali$dc2003 215 $aVI, 169 p.$d24 cm 225 2 $aEnti locali e Pubblica Amministrazione$iGestione e servizi$v6 410 0$12001$aEnti locali e Pubblica Amministrazione$iGestione e servizi$v6 454 1$v2001 461 1$1001-------$12001 606 0 $aAziende non profit$xgestione 676 $a338.7 702 1$aGIUSEPPONI,$bKatia 702 1$aANCONA,$bFranco 801 0$aIT$bsalbc$gISBD 912 $a990002792680203316 951 $aP08 1013$bDISTRA 959 $aBK 969 $aDISTRA 979 $aDISTRA1$b90$c20060727$lUSA01$h1008 979 $aDISTRA2$b90$c20100427$lUSA01$h1628 996 $aEvoluzione del controllo di gestione nelle realtà pubbliche e non profit$9277143 997 $aUNISA